Catálogo

La búsqueda científica del alma : (Registro nro. 41605)

Detalles MARC
000 -LEADER
fixed length control field 01384cam a2200385 i 4500
001 - CONTROL NUMBER
control field 41605
003 - CONTROL NUMBER IDENTIFIER
control field Mx-PuUPA
005 - DATE AND TIME OF LATEST TRANSACTION
control field 20250624135959.0
008 - FIXED-LENGTH DATA ELEMENTS--GENERAL INFORMATION
fixed length control field 140415s2000 sp a gr 000 0 spa d
017 ## - COPYRIGHT OR LEGAL DEPOSIT NUMBER
Copyright or legal deposit number B. 11.636-2000
020 ## - INTERNATIONAL STANDARD BOOK NUMBER
International Standard Book Number 8483063131
040 ## - CATALOGING SOURCE
Original cataloging agency Mx-PuUPA
Language of cataloging spa
Transcribing agency Mx-PuUPA
Modifying agency Mx-PuUPA
Description conventions rda
041 1# - LANGUAGE CODE
Language code of text/sound track or separate title spa
Language code of original eng
100 1# - MAIN ENTRY--PERSONAL NAME
Personal name Crick, Francis,
Dates associated with a name 1916-2004
9 (RLIN) 17240
Relator term autor
240 14 - UNIFORM TITLE
Uniform title The astonishing hypothesis.
Language of a work Español
245 13 - TITLE STATEMENT
Title La búsqueda científica del alma :
Remainder of title una revolucionaria hipótesis para el siglo XXI /
Statement of responsibility, etc. Francis Crick ; versión castellana, Francisco Páez de la Cadena
250 ## - EDITION STATEMENT
Edition statement Primera edición
264 #1 - PRODUCTION, PUBLICATION, DISTRIBUTION, MANUFACTURE, AND COPYRIGHT NOTICE
Place of production, publication, distribution, manufacture Madrid :
Name of producer, publisher, distributor, manufacturer Editorial Debate,
Date of production, publication, distribution, manufacture, or copyright notice 2000
300 ## - PHYSICAL DESCRIPTION
Extent 384 páginas :
Other physical details ilustraciones ;
Dimensions 23 cm
336 ## - CONTENT TYPE
Fuente rdacontent
Content type term texto
Content type code txt
337 ## - MEDIA TYPE
Source rdamedia
Media type term sin medio
Media type code n
338 ## - CARRIER TYPE
Source rdacarrier
Carrier type term volumen
Carrier type code nc
490 0# - SERIES STATEMENT
Series statement Debate Pensamiento
500 ## - GENERAL NOTE
General note "Premio Novel de Medicina".-- Cubierta
650 #7 - SUBJECT ADDED ENTRY--TOPICAL TERM
Source of heading or term armarc
Topical term or geographic name entry element Conciencia
650 #7 - SUBJECT ADDED ENTRY--TOPICAL TERM
Source of heading or term armarc
Topical term or geographic name entry element Mente y cuerpo
650 #7 - SUBJECT ADDED ENTRY--TOPICAL TERM
Source of heading or term armarc
Topical term or geographic name entry element Persepción visual
650 #7 - SUBJECT ADDED ENTRY--TOPICAL TERM
Source of heading or term armarc
Topical term or geographic name entry element Neuropsicología
650 #7 - SUBJECT ADDED ENTRY--TOPICAL TERM
Source of heading or term armarc
Topical term or geographic name entry element Circuito neural
700 1# - ADDED ENTRY--PERSONAL NAME
Personal name Páez de la Cadena, Francisco,
Relator term traductor
765 0# - ORIGINAL LANGUAGE ENTRY
Main entry heading Crick, Francis H.C.,
Place, publisher, and date of publication 1994
Title The astonishing hypothesis.
942 ## - ADDED ENTRY ELEMENTS (KOHA)
Source of classification or shelving scheme Dewey Decimal Classification
Koha item type Libro
Classification part 153
Item part C2818
Existencias
Withdrawn status Lost status Source of classification or shelving scheme Damaged status Not for loan Collection code Home library Current library Shelving location Date acquired Source of acquisition Total Checkouts Full call number Barcode Date last seen Price effective from Koha item type
    Dewey Decimal Classification     General Centro de Estudios en Ciencia y Religión Centro de Estudios en Ciencia y Religión Sala general 03/12/2013 Compra   153 C2818 2000 62744 05/01/2026 03/12/2013 Libro
    Dewey Decimal Classification     General Centro de Estudios en Ciencia y Religión Centro de Estudios en Ciencia y Religión Sala general 09/02/2015 Compra   612.8 CRI 2000 93450 05/01/2026 20/11/2015 Libro